LEADER 01298nam0 22003371i 450 001 UON00477424 005 20231205105233.917 100 $a20170530d1968 |0itac50 ba 101 $aita 102 $aIT 105 $a|||| 1|||| 200 1 $aDa Bisanzio a Carlomagno$fdi Paolo Verzone 205 $aMilano : Il Saggiatore$b1968 210 $a297 p.$cill. ; 24 cm 215 $aLe ill. a colori sono su foglietti semimobili 311 $aVO IX A 008$9UON00467332 312 $aTit. orig.$9UON00477426 410 0$1001UON00467332$12001 $aˆIl ‰Marcopolo$e2. serie$v VO IX A 008 500 0$3UON00477426$aWerdendes Abendland, 1967$91472780 606 $aArte Bizantina$3UONC001822$2FI 606 $aARTE ITALIANA$xSec. 5.-9.$3UONC091663$2FI 620 $aIT$dMilano$3UONL000005 686 $aVO IX A$cVICINO ORIENTE - ARTE$2A 700 1$aVERZONE$bPaolo$3UONV020972$0209204 712 $aIl Saggiatore$3UONV246654$4650 801 $aIT$bSOL$c20250523$gRICA 899 $aSIBA - SISTEMA BIBLIOTECARIO DI ATENEO$2UONSI 912 $aUON00477424 950 $aSIBA - SISTEMA BIBLIOTECARIO DI ATENEO$dSI VO IX A 008 $eSI 22477 7 008 996 $aWerdendes Abendland, 1967$91472780 997 $aUNIOR